[Event "Women's Speed Chess Q2"]
[Site "chess.com INT"]
[Date "2021.05.29"]
[Round "2"]
[White "Chu, Ruotong"]
[Black "Ziegenfuss, Antonia"]
[Result "1-0"]
[WhiteTitle "WIM"]
[BlackTitle "WFM"]
[WhiteElo "2207"]
[BlackElo "2157"]
[WhiteFideId "8605653"]
[BlackFideId "12962554"]
[EventDate "2021.05.29"]

1. d4 Nf6 2. c4 e6 3. g3 d5 4. Bg2 dxc4 5. Qa4+ Bd7 6. Qxc4 Bc6 7. Nf3 Bd5 8.
Qd3 Bb4+ 9. Bd2 Bxd2+ 10. Nbxd2 b6 11. O-O O-O 12. b4 Qe7 13. a3 Nbd7 14. Rfc1
Rac8 15. Ne5 Bxg2 16. Kxg2 Nxe5 17. dxe5 Nd7 18. Qe3 c5 19. Nc4 cxb4 20. axb4
Qxb4 21. Nd6 Rxc1 22. Rxc1 Nc5 23. Rc4 Qb3 24. Qg5 a5 25. Rg4 g6 26. Rh4 Qd5+
27. f3 f6 28. Qh6 Rf7 29. Nxf7 Kxf7 30. Qxh7+ Ke8 31. Qxg6+ Kd7 32. Rh7+ Kc6 33.
Qe8+ Nd7 34. Qc8+ Kb5 35. Qxd7+ Qxd7 36. Rxd7 fxe5 37. h4 a4 38. h5 a3 39. h6 a2
40. Ra7 1-0

[Event "Women's Speed Chess Q2"]
[Site "chess.com INT"]
[Date "2021.05.29"]
[Round "2"]
[White "Ovezdurdiyeva, Jemal"]
[Black "Arakhamia-Grant, Ketevan"]
[Result "0-1"]
[WhiteTitle "WFM"]
[BlackTitle "GM"]
[WhiteElo "2061"]
[BlackElo "2380"]
[WhiteFideId "14001888"]
[BlackFideId "13600168"]
[EventDate "2021.05.29"]

1. d4 Nf6 2. c4 g6 3. Nc3 Bg7 4. Nf3 O-O 5. Bg5 h6 6. Bh4 d6 7. e3 Nbd7 8. Be2
c5 9. O-O cxd4 10. exd4 Nh5 11. Qc2 Nf4 12. Bd1 Nf6 13. Bg3 N4h5 14. Nd2 Bf5 15.
Qb3 Nxg3 16. hxg3 Qd7 17. Bf3 Rab8 18. Rfe1 Rfe8 19. Rad1 g5 20. c5 g4 21. Be4
Nxe4 22. Ndxe4 Rbd8 23. d5 Rc8 24. cxd6 exd6 25. Qb4 Be5 26. Nb5 Red8 27. Nxa7
Ra8 28. Qb6 Kg7 29. a3 Qa4 30. Nb5 Bxe4 31. Nc7 Rac8 32. b3 Qd7 33. Rxe4 Qxc7
34. Rxg4+ Kh7 35. Qb4 Qc2 36. Rf1 Rg8 37. Rxg8 Rxg8 38. Qxb7 Qf5 39. Qb4 Rg4 40.
Qb5 Bd4 41. Qe2 Rxg3 42. b4 Qg6 43. Kh1 Rxg2 44. Qf3 Rg4 45. Qh3 Qg5 0-1

[Event "Women's Speed Chess Q2"]
[Site "chess.com INT"]
[Date "2021.05.29"]
[Round "2"]
[White "Kairbekova, Amina"]
[Black "Swati, Mohota"]
[Result "0-1"]
[WhiteTitle "WFM"]
[BlackTitle "WFM"]
[WhiteElo "2132"]
[BlackElo "2027"]
[WhiteFideId "13712799"]
[BlackFideId "5006511"]
[EventDate "2021.05.29"]

1. e4 Nf6 2. e5 Nd5 3. d4 Nb6 4. c4 d6 5. exd6 cxd6 6. Nc3 g6 7. Be3 Bg7 8. Be2
O-O 9. Rc1 Bf5 10. b3 d5 11. cxd5 Nxd5 12. Nxd5 Qxd5 13. Bf3 Be4 14. Rc5 Bxf3
15. Nxf3 Qd6 16. O-O Rd8 17. Qc2 Na6 18. Rc4 Nb4 19. Qd2 Nd5 20. Bh6 Bh8 21.
Rfc1 f6 22. h4 Bg7 23. g3 Kf7 24. Rc5 Qd7 25. Kg2 Qg4 26. Nh2 Qh5 27. Bxg7 Kxg7
28. f3 b6 29. Rc6 Qh6 30. Qxh6+ Kxh6 31. Ng4+ Kg7 32. Kf2 Nb4 33. Rc7 Nd3+ 34.
Ke3 Nxc1 35. Rxe7+ Kf8 36. Rxh7 Re8+ 37. Kd2 Ne2 38. Nxf6 Nxd4 39. Nxe8 Rxe8 40.
Kd3 Nxf3 41. Rh6 Ne5+ 42. Ke4 Kg7 0-1

[Event "Women's Speed Chess Q2"]
[Site "chess.com INT"]
[Date "2021.05.29"]
[Round "2"]
[White "Osmak, Iulija"]
[Black "Smirnova, Ekaterina"]
[Result "1-0"]
[WhiteTitle "IM"]
[BlackTitle "WIM"]
[WhiteElo "2425"]
[BlackElo "2240"]
[WhiteFideId "14101602"]
[BlackFideId "4110943"]
[EventDate "2021.05.29"]

1. e4 c6 2. d4 d5 3. e5 Bf5 4. Nf3 e6 5. Be2 c5 6. O-O Nc6 7. c3 Nge7 8. dxc5 h6
9. b4 Bh7 10. Re1 Nf5 11. Nbd2 Be7 12. Nb3 O-O 13. Bf4 g5 14. Bg3 h5 15. h3 Kh8
16. Bh2 Rg8 17. Nfd4 h4 18. Bd3 Nfxd4 19. Nxd4 Qc7 20. Qh5 Rg7 21. Nb5 Qd8 22.
Nd6 Bxd6 23. exd6 Kg8 24. Bxh7+ Rxh7 25. Qf3 Rh6 26. b5 Na5 27. Qe3 Nc4 28. Qd4
Rf6 29. c6 bxc6 30. bxc6 Rf5 31. d7 Nb6 32. Rab1 Kh7 33. a4 Kg6 34. a5 Nxd7 35.
cxd7 Qxd7 36. a6 Qc6 37. Qd3 Qc5 38. Re3 Rc8 39. Rf3 Qa5 40. Rxf5 exf5 41. Be5
Rc4 42. Kh2 Qxa6 43. Qxd5 Qc6 44. Qxc6+ Rxc6 45. Ra1 a6 46. Bd4 f4 47. Ra5 f5
48. f3 g4 49. hxg4 fxg4 50. fxg4 1-0

[Event "Women's Speed Chess Q2"]
[Site "chess.com INT"]
[Date "2021.05.29"]
[Round "2"]
[White "Mkrtchian, Lilit"]
[Black "Tokhirjonova, Gulrukhbegim"]
[Result "0-1"]
[WhiteTitle "IM"]
[BlackTitle "WGM"]
[WhiteElo "2388"]
[BlackElo "2350"]
[WhiteFideId "13300601"]
[BlackFideId "14203626"]
[EventDate "2021.05.29"]

1. e4 e5 2. Nf3 Nc6 3. Bb5 a6 4. Ba4 Nf6 5. O-O Nxe4 6. d4 b5 7. Bb3 d5 8. dxe5
Be6 9. c3 Be7 10. Nbd2 O-O 11. Bc2 f5 12. exf6 Nxf6 13. Nd4 Nxd4 14. cxd4 Bd6
15. Nf3 Bg4 16. h3 Bh5 17. Qd3 Ne4 18. Ne5 c5 19. f4 Rc8 20. Bd1 Bxd1 21. Qxd1
cxd4 22. Nd3 Qh4 23. a4 b4 24. Qb3 Rc4 25. Qd1 Rfc8 26. Qg4 Qxg4 27. hxg4 Rc2
28. Re1 a5 29. Kf1 Ng3+ 30. Kg1 Ne4 31. Kf1 Kf8 32. Kg1 Re8 33. Kf1 Ng3+ 34. Kg1
Re4 35. Kh2 Ne2 36. Kh3 Kf7 37. g5 Nxc1 38. Raxc1 Rxc1 39. Rxc1 Re3+ 40. Kg4
Rxd3 41. Rc6 Ke6 42. f5+ Kd7 43. Ra6 Rg3+ 44. Kh5 Rxg2 45. f6 gxf6 46. gxf6 Rf2
47. Ra7+ Ke6 48. Kg5 Rf5+ 49. Kg4 Rxf6 50. Rxh7 Rf4+ 51. Kg5 Rf2 52. Rh6+ Kd7
53. Rh7+ Kc6 54. Kg4 Rxb2 55. Ra7 d3 0-1

[Event "Women's Speed Chess Q2"]
[Site "chess.com INT"]
[Date "2021.05.29"]
[Round "2"]
[White "Zaksaite, Salomeja"]
[Black "Varshini, V"]
[Result "0-1"]
[WhiteTitle "WIM"]
[BlackTitle "WGM"]
[WhiteElo "2202"]
[BlackElo "2226"]
[WhiteFideId "12801496"]
[BlackFideId "5091241"]
[EventDate "2021.05.29"]

1. g3 d5 2. Bg2 Nf6 3. b3 e5 4. Bb2 Nc6 5. e3 Be7 6. Ne2 O-O 7. O-O Be6 8. h3
Qd7 9. Kh2 Ne8 10. d3 Rd8 11. Nd2 f5 12. a3 Bf6 13. b4 a6 14. Nb3 b6 15. Rb1 Ne7
16. f4 e4 17. Bxf6 Nxf6 18. Ned4 Bf7 19. Qe2 Rc8 20. Qd2 c5 21. bxc5 bxc5 22.
Ne2 Rfd8 23. Qa5 Qc6 24. d4 cxd4 25. Nbxd4 Qc7 26. Qxc7 Rxc7 27. Rb6 Ra8 28.
Rfb1 Nc8 29. Rb8 Rca7 30. Nxf5 Be6 31. Nd6 Rxb8 32. Rxb8 Rc7 33. Nd4 Bd7 34. Bf1
Ne8 35. Nxe8 Bxe8 36. Bxa6 Bd7 37. a4 Kf7 38. a5 Nd6 39. Be2 Nf5 40. a6 Nxd4 41.
Rb7 Rxc2 42. Rxd7+ Ke6 43. exd4 Rxe2+ 44. Kg1 Kxd7 45. a7 Ra2 0-1

[Event "Women's Speed Chess Q2"]
[Site "chess.com INT"]
[Date "2021.05.29"]
[Round "2"]
[White "Bivol, Alina"]
[Black "Nguyen, Thi Thanh An"]
[Result "1-0"]
[WhiteTitle "WGM"]
[BlackTitle "WGM"]
[WhiteElo "2385"]
[BlackElo "2259"]
[WhiteFideId "4100123"]
[BlackFideId "12400300"]
[EventDate "2021.05.29"]

1. e4 c6 2. d4 d5 3. e5 c5 4. dxc5 e6 5. a3 Bxc5 6. b4 Bb6 7. Nf3 Ne7 8. c4 a5
9. Bb2 axb4 10. axb4 Rxa1 11. Bxa1 dxc4 12. Qxd8+ Bxd8 13. Bxc4 O-O 14. O-O Ng6
15. b5 Nd7 16. Nbd2 Bc7 17. Re1 Ba5 18. Re2 Nb6 19. g3 Rd8 20. Bd4 Nd5 21. Nb3
Bb4 22. h4 Nge7 23. Bc5 Bxc5 24. Nxc5 b6 25. Ne4 Bb7 26. Nd6 Ba8 27. Ng5 Nf5 28.
Ngxf7 Nxd6 29. Nxd8 Nxc4 30. Ra2 Na5 31. Nxe6 Nb4 32. Rd2 Bd5 33. Nc7 Bc4 34. e6
Bxe6 35. Nxe6 Kf7 36. Ng5+ Kg6 37. Rd6+ Kf5 38. Rxb6 Nc4 39. Rb7 h6 40. Nf3 g5
41. hxg5 hxg5 42. Rc7 Nb6 43. Rc5+ N4d5 44. Kg2 g4 45. Nd2 Ke5 46. Nc4+ Kd4 47.
Nxb6 Kxc5 48. Nxd5 Kxd5 49. f3 gxf3+ 50. Kxf3 Kc5 51. g4 Kxb5 52. g5 Kc6 53. g6
Kd7 54. g7 1-0

[Event "Women's Speed Chess Q2"]
[Site "chess.com INT"]
[Date "2021.05.29"]
[Round "2"]
[White "Purtseladze, Maka"]
[Black "Obregon Garcia, Roxangel"]
[Result "1-0"]
[WhiteTitle "IM"]
[BlackTitle "WIM"]
[WhiteElo "2274"]
[BlackElo "2167"]
[WhiteFideId "13602659"]
[BlackFideId "3520420"]
[EventDate "2021.05.29"]

1. b3 Nf6 2. Bb2 g6 3. Bxf6 exf6 4. c4 Bg7 5. Nc3 c6 6. g3 d6 7. Bg2 O-O 8. e3
f5 9. Nge2 Qe7 10. Nf4 Nd7 11. O-O Nf6 12. d4 Ne4 13. Qd3 Re8 14. Rae1 Bd7 15.
f3 Nxc3 16. Qxc3 Qf6 17. Qb4 Rab8 18. Qa5 a6 19. Qb6 Re7 20. Re2 Rbe8 21. Rfe1
Bc8 22. Kf2 Bh8 23. h4 h6 24. a4 Bg7 25. a5 Bh8 26. b4 g5 27. hxg5 hxg5 28. Nh5
Qg6 29. Rh1 Re6 30. b5 axb5 31. cxb5 cxb5 32. Qxb5 R6e7 33. Qb6 Be6 34. f4 Bc4
35. Ree1 g4 36. Qb4 d5 37. Qb6 Re6 38. Qxb7 Rxe3 39. Rxe3 Bxd4 40. Re1 Rxe3 41.
Rxe3 Qe6 42. Qb8+ Kh7 43. Nf6+ Qxf6 44. Qe8 Bxe3+ 45. Qxe3 Qa6 46. Qc5 Bb5 47.
Qb6 1-0

[Event "Women's Speed Chess Q2"]
[Site "chess.com INT"]
[Date "2021.05.29"]
[Round "2"]
[White "Golubenko, Valentina"]
[Black "Socko, Monika"]
[Result "0-1"]
[WhiteTitle "WGM"]
[BlackTitle "GM"]
[WhiteElo "2209"]
[BlackElo "2421"]
[WhiteFideId "4501993"]
[BlackFideId "1106619"]
[EventDate "2021.05.29"]

1. d4 Nf6 2. c4 e6 3. g3 c5 4. d5 exd5 5. cxd5 b5 6. Bg2 d6 7. e4 g6 8. e5 dxe5
9. d6 e4 10. Nc3 Bb7 11. Nxb5 Qa5+ 12. Nc3 Nbd7 13. Ne2 Bg7 14. O-O O-O 15. Qc2
Rfe8 16. Nf4 Rad8 17. a4 Nb6 18. Nb5 Bc6 19. Bd2 Qa6 20. Nc7 Qb7 21. Nxe8 Rxe8
22. Qxc5 Nbd7 23. Qc2 Ne5 24. Bc3 Nfd7 25. Rfe1 f5 26. a5 g5 27. a6 Qb5 28. Nh5
Bh8 29. Bf1 Qb8 30. Bxe5 Nxe5 31. Bc4+ Kf8 32. Rad1 Rc8 33. Be6 Bd7 34. Qb3 Qxb3
35. Bxb3 Nf3+ 36. Kg2 Nxe1+ 37. Rxe1 Bxb2 38. Bd5 Bd4 39. Bb7 Rc2 40. Rf1 Bb5
41. Rd1 Rxf2+ 42. Kh3 Bf1+ 43. Rxf1 Rxf1 44. g4 e3 45. d7 Ke7 46. gxf5 e2 47.
f6+ Rxf6 48. Nxf6 Bxf6 49. d8=Q+ Kxd8 50. Bf3 e1=Q 51. Kg4 Qd2 52. Kf5 Qf4+ 53.
Ke6 Ke8 54. Bh5+ Kd8 55. Bf7 Qe5# 0-1

[Event "Women's Speed Chess Q2"]
[Site "chess.com INT"]
[Date "2021.05.29"]
[Round "2"]
[White "Samaganova, Alexandra"]
[Black "Mordido, Kylen Joy"]
[Result "0-1"]
[WhiteTitle "WFM"]
[BlackTitle "WIM"]
[WhiteElo "1993"]
[BlackElo "2014"]
[WhiteFideId "13800221"]
[BlackFideId "5219086"]
[EventDate "2021.05.29"]

1. c4 Nf6 2. Nc3 c5 3. Nf3 d5 4. cxd5 Nxd5 5. e3 Nc6 6. d4 cxd4 7. exd4 g6 8.
Be2 Bg7 9. h3 O-O 10. O-O b6 11. Re1 Bb7 12. a3 Rc8 13. Bb5 e6 14. Bg5 Nxc3 15.
bxc3 Qd5 16. c4 Qd6 17. Be3 Rfd8 18. Qa4 Na5 19. Rad1 a6 20. Bxa6 Bxa6 21. c5
Qc6 22. Qb4 Nc4 23. Bg5 Rd5 24. Bf4 bxc5 25. dxc5 Qxc5 26. Qa4 Qb5 27. Qxb5 Bxb5
28. Rb1 Nxa3 29. Rb3 Nc4 30. Reb1 Be8 31. Rb7 h6 32. Rb8 Rdd8 33. Rxc8 Rxc8 34.
Rc1 Nb6 35. Rb1 Nd5 36. Bd6 Bf8 37. Be5 Ba3 38. Rb7 Bc6 39. Ra7 Bc5 40. Ra2 Nb4
41. Rb2 Nd3 42. Re2 Bxf3 43. gxf3 Nxe5 44. Rxe5 Bd4 45. Re2 e5 46. Kg2 Kg7 47.
Kg3 Kf6 48. f4 Kf5 49. fxe5 Bxe5+ 50. Kg2 Rc3 51. Ra2 Kg5 52. Re2 f6 53. Ra2 Bf4
54. Ra5+ f5 55. Ra2 Rd3 56. Rb2 Rd2 57. Rb6 Be3 58. Kf3 Bxb6 0-1

[Event "Women's Speed Chess Q2"]
[Site "chess.com INT"]
[Date "2021.05.29"]
[Round "2"]
[White "Arpita, Mukherjee"]
[Black "Cori T., Deysi"]
[Result "1-0"]
[WhiteTitle "WIM"]
[BlackTitle "WGM"]
[WhiteElo "2206"]
[BlackElo "2388"]
[WhiteFideId "5056403"]
[BlackFideId "3801934"]
[EventDate "2021.05.29"]

1. e4 e6 2. d4 d5 3. Nd2 Be7 4. Ngf3 Nf6 5. e5 Nfd7 6. Bd3 b6 7. Qe2 c5 8. c3 a5
9. O-O Ba6 10. Ne1 cxd4 11. cxd4 Bxd3 12. Nxd3 Nc6 13. Qg4 g5 14. a4 h5 15. Qd1
Nxd4 16. Nb3 Nf5 17. f4 b5 18. fxg5 Qb6+ 19. Kh1 bxa4 20. Rxa4 Rb8 21. Nxa5 h4
22. Rxf5 exf5 23. b4 h3 24. g3 Qd4 25. Qe2 Rc8 26. Nb3 Qc3 27. Nbc5 Nxc5 28.
bxc5 Rb8 29. Bb2 Qb3 30. Ra7 Kf8 31. e6 Rg8 32. exf7 Rb7 33. fxg8=Q+ Kxg8 34.
Ra8+ Kf7 35. g6+ Kxg6 36. Rg8+ Kf7 37. Rg7+ Kf8 38. Rh7 Qc4 39. Rh8+ Kf7 40.
Qh5+ Ke6 41. Rh6+ Kd7 42. Qxf5+ Kc7 43. Qe5+ Kd7 44. Qe6+ Kc7 45. Qc6+ Kb8 46.
Be5+ Ka7 47. Bb8+ Rxb8 48. Qc7+ Rb7 49. Qa5+ 1-0

[Event "Women's Speed Chess Q2"]
[Site "chess.com INT"]
[Date "2021.05.29"]
[Round "2"]
[White "Tarasova, Viktoriya"]
[Black "Pham, Le Thao Nguyen"]
[Result "1-0"]
[WhiteTitle "WIM"]
[BlackTitle "IM"]
[WhiteElo "2226"]
[BlackElo "2369"]
[WhiteFideId "4175840"]
[BlackFideId "12401226"]
[EventDate "2021.05.29"]

1. d4 d5 2. c4 c6 3. Nf3 Nf6 4. Nc3 dxc4 5. a4 Bf5 6. e3 e6 7. Bxc4 Bb4 8. O-O
Nbd7 9. Nh4 Bg4 10. f3 Bh5 11. g4 Bg6 12. Ng2 Nd5 13. Na2 Be7 14. e4 N5b6 15.
Bb3 a5 16. Nc3 Bb4 17. Be3 O-O 18. Qe2 Kh8 19. Rad1 Qe7 20. Bf2 f6 21. f4 Bf7
22. e5 Nd5 23. Ne4 Bg6 24. Bh4 Bxe4 25. Qxe4 Qf7 26. f5 Rae8 27. Bc2 exf5 28.
Rxf5 g6 29. Rff1 Qe6 30. Bb3 fxe5 31. Rxf8+ Rxf8 32. Ne3 Rf4 33. Qg2 Rxd4 34.
Rxd4 exd4 35. Nxd5 cxd5 36. Bxd5 Qe3+ 37. Bf2 Qc1+ 38. Qf1 Qf4 39. Qd3 Ne5 40.
Qxd4 Qxd4 41. Bxd4 Bd6 42. h3 Kg7 43. Kf2 Kf8 44. Ke3 Ke7 45. Bxb7 Nc4+ 46. Kd3
Ne5+ 47. Ke4 Nd7 48. Bc3 Nc5+ 49. Kd5 Nxb7 50. Kc6 Nd8+ 51. Kb5 Bc7 52. Bxa5
Bxa5 53. Kxa5 Kd6 54. Kb6 Ne6 55. a5 Nc5 56. b4 Nd7+ 57. Kb7 h5 58. a6 Ne5 59.
a7 hxg4 60. hxg4 1-0

[Event "Women's Speed Chess Q2"]
[Site "chess.com INT"]
[Date "2021.05.29"]
[Round "2"]
[White "Antonova, Nadezhda"]
[Black "Lujan, Carolina"]
[Result "1-0"]
[WhiteTitle "WFM"]
[BlackTitle "IM"]
[WhiteElo "1877"]
[BlackElo "2346"]
[WhiteFideId "14700182"]
[BlackFideId "109878"]
[EventDate "2021.05.29"]

1. d4 Nf6 2. Nf3 g6 3. Nbd2 Bg7 4. e4 d6 5. Bd3 O-O 6. O-O c6 7. Re1 Nbd7 8. c3
e5 9. a4 b6 10. dxe5 dxe5 11. Nc4 Qc7 12. b4 Re8 13. Bb2 Bb7 14. a5 b5 15. Ne3
a6 16. Qc2 c5 17. Nd2 c4 18. Bf1 Rad8 19. f3 Nh5 20. g3 Bh6 21. Rad1 Nf8 22. Bc1
Ne6 23. Bg2 Bc6 24. Ng4 Bg7 25. Ne3 Rd3 26. Bf1 Rdd8 27. Bh3 Qa7 28. Nf1 Ng5 29.
Bg2 Nf6 30. Kh1 h5 31. Nd5 Ne6 32. Be3 Qb7 33. Bb6 Rd7 34. Nxf6+ Bxf6 35. Ne3
Bd8 36. Rxd7 Bxd7 37. Nd5 Bxb6 38. Nxb6 Bc6 39. Rd1 Rd8 40. Rxd8+ Nxd8 41. Qd2
Qc7 42. Nd5 Qd6 43. Qd1 Kg7 44. Ne3 Qxd1+ 45. Nxd1 Ne6 46. Kg1 Kf6 47. Kf2 Ke7
48. Ke3 f5 49. Nf2 f4+ 50. Ke2 Kf6 51. Nh3 g5 52. gxf4 exf4 53. Nf2 Ke5 54. Bh3
Nf8 55. Bc8 Bd7 56. Bxa6 Ne6 57. Bb7 Nc7 58. a6 Nxa6 59. Bxa6 g4 60. Bb7 gxf3+
61. Kxf3 Be6 62. Bc6 1-0

[Event "Women's Speed Chess Q2"]
[Site "chess.com INT"]
[Date "2021.05.29"]
[Round "2"]
[White "Von Herman, Brigitte"]
[Black "Martynkova, Olena"]
[Result "0-1"]
[WhiteTitle "WFM"]
[BlackTitle "WIM"]
[WhiteElo "1991"]
[BlackElo "2195"]
[WhiteFideId "4628730"]
[BlackFideId "14134039"]
[EventDate "2021.05.29"]

1. e4 c5 2. c3 d5 3. exd5 Qxd5 4. d4 Nc6 5. Nf3 Bf5 6. Be3 cxd4 7. cxd4 Bxb1 8.
Qxb1 e6 9. a3 Nf6 10. Bd3 Be7 11. O-O O-O 12. Re1 h6 13. b4 a6 14. Qb2 Ng4 15.
Rad1 Nxe3 16. fxe3 Bf6 17. Bb1 Qd8 18. Qc2 g6 19. Qe4 Bg7 20. d5 exd5 21. Rxd5
Qf6 22. Qf4 Qc3 23. Rd3 Qb2 24. Red1 Rae8 25. h4 Ne5 26. Nxe5 Rxe5 27. Rd7 Qxa3
28. Bxg6 Qxe3+ 29. Qxe3 Rxe3 30. Bb1 b5 31. R7d6 Ra3 32. Be4 Ra4 33. Rc6 Rxb4
34. Bf3 a5 35. Rd5 Rb1+ 36. Kh2 a4 37. Ra6 Rb3 38. Rd7 a3 39. Rb7 b4 40. Bd5 Rb2
41. Raa7 Be5+ 42. Kh3 Rf2 43. Rxb4 Bb2 44. Rba4 Re8 45. Bf3 Re1 46. R7a6 Be5 47.
Rxh6 Rh1+ 48. Kg4 Ra1 49. Rha6 Bb2 50. Ra8+ Kg7 51. h5 Rd2 52. R4a6 Rd4+ 53. Kg3
Bc3 54. h6+ Kh7 55. Be2 Be1+ 0-1

[Event "Women's Speed Chess Q2"]
[Site "chess.com INT"]
[Date "2021.05.29"]
[Round "2"]
[White "Khalafova, Narmin"]
[Black "Starosta, Martyna"]
[Result "1-0"]
[WhiteTitle "WGM"]
[BlackTitle "WCM"]
[WhiteElo "2279"]
[BlackElo "1910"]
[WhiteFideId "13402625"]
[BlackFideId "21818754"]
[EventDate "2021.05.29"]

1. e4 e5 2. Bc4 Nf6 3. d3 c6 4. Bb3 d5 5. Nd2 Bd6 6. Ne2 O-O 7. O-O Be6 8. c3
dxe4 9. dxe4 Bxb3 10. Qxb3 b6 11. Rd1 Qe7 12. Nc4 Bc7 13. Ne3 g6 14. Ng3 Nbd7
15. Qc2 Nc5 16. b4 Ne6 17. Nef5 gxf5 18. Nxf5 Qe8 19. Bh6 Nf4 20. Rd3 Ng6 21.
Rg3 Nh5 22. Rg5 Nf4 23. h4 Bd8 24. Rg4 Qe6 25. Rd1 Bxh4 26. Rd6 Qc4 27. Nxh4
Rfd8 28. Nf5 Rxd6 29. Nxd6 Qe6 30. Nf5 Rd8 31. g3 Nh5 32. Kg2 Qc4 33. Rg5 Nf6
34. Bg7 Nxe4 35. Bxe5 Rd2 36. Ne7+ Kf8 37. Nxg6+ hxg6 38. Qc1 Rxf2+ 39. Kg1 Nxg5
40. Kxf2 Ne4+ 41. Ke3 f5 42. Qh1 Qg8 43. Qh6+ Kf7 44. Qf4 Qd8 45. Bd4 c5 46.
bxc5 bxc5 47. Qe5 cxd4+ 48. cxd4 Qb6 49. Qh8 Qb5 50. Qh7+ Kf6 51. Qh8+ Ke7 52.
Qg7+ Kd8 53. Qxg6 Qc4 54. Qg7 Qc1+ 55. Kf3 Qf1+ 56. Ke3 Qf2+ 57. Kd3 Qd2+ 58.
Kc4 Qc3+ 59. Kd5 Qa5+ 60. Ke6 Qxa2+ 61. Kxf5 Nd6+ 62. Ke5 Nc4+ 63. Ke4 Qc2+ 64.
Kd5 Nb6+ 65. Ke5 Qe2+ 66. Kd6 Qd2 67. Qf8# 1-0

[Event "Women's Speed Chess Q2"]
[Site "chess.com INT"]
[Date "2021.05.29"]
[Round "2"]
[White "Adam, Ernestina"]
[Black "Priyanka, K"]
[Result "0-1"]
[WhiteTitle "WCM"]
[BlackTitle "WIM"]
[WhiteElo "1354"]
[BlackElo "2218"]
[WhiteFideId "165883"]
[BlackFideId "5082986"]
[EventDate "2021.05.29"]

1. e4 c5 2. Nf3 d6 3. d4 cxd4 4. Nxd4 Nf6 5. Nc3 a6 6. f3 e5 7. Nb3 Be7 8. Be3
Be6 9. Qd2 Nbd7 10. O-O-O b5 11. g4 O-O 12. h4 b4 13. Nd5 Bxd5 14. exd5 a5 15.
Kb1 Nb6 16. h5 Nfxd5 17. Bxb6 Nxb6 18. Bd3 d5 19. Rhg1 Bg5 20. Qe2 Re8 21. Bb5
Re6 22. Nd2 Qf6 23. Nf1 Bf4 24. Ne3 Bxe3 25. Qxe3 d4 26. Qe4 Rd8 27. g5 Qf4 28.
Qb7 Nd5 29. g6 Re7 30. Qc6 Qf6 31. gxh7+ Kxh7 32. Qc4 Ne3 33. Qd3+ Qf5 34. Qe2
Kh8 35. Rd3 e4 36. fxe4 Qxb5 37. Rxe3 Qxe2 38. Rxe2 Re5 39. h6 gxh6 40. Rf1 Kg7
41. Rg1+ Rg5 42. Rf1 Re8 43. b3 Rg4 44. Ref2 Re7 45. e5 Rg5 46. Rf4 Rgxe5 47.
Rxd4 Re1+ 48. Rxe1 Rxe1+ 49. Kb2 Re5 50. Rg4+ Kf6 51. Rh4 h5 52. Rf4+ Rf5 53.
Rc4 Kg5 54. a3 bxa3+ 55. Kxa3 h4 56. Rc8 h3 57. Rg8+ Kh4 58. Rh8+ Rh5 59. Rg8 h2
60. Rg7 h1=Q 61. Rxf7 Qa1# 0-1

[Event "Women's Speed Chess Q2"]
[Site "chess.com INT"]
[Date "2021.05.29"]
[Round "2"]
[White "Zhai, Mo"]
[Black "Zawadzka, Jolanta"]
[Result "1/2-1/2"]
[WhiteTitle "WGM"]
[BlackTitle "WGM"]
[WhiteElo "2366"]
[BlackElo "2399"]
[WhiteFideId "8600201"]
[BlackFideId "1122320"]
[EventDate "2021.05.29"]

1. Nf3 d5 2. g3 Nf6 3. Bg2 Bg4 4. O-O e6 5. c4 c6 6. b3 Bd6 7. Bb2 O-O 8. Nc3
Nbd7 9. d4 Re8 10. Rc1 a5 11. h3 Bxf3 12. Bxf3 Qe7 13. Bg2 Ba3 14. Qc2 Bxb2 15.
Qxb2 dxc4 16. bxc4 Rab8 17. Rb1 e5 18. e3 h6 19. Rfd1 e4 20. Qc2 b6 21. Qa4 Qe6
22. Rb2 c5 23. Nb5 Rec8 24. Rbd2 cxd4 25. Rxd4 Nc5 26. Qc2 Qe5 27. Nd6 Rc6 28.
Nxe4 Ncxe4 29. Bxe4 Nxe4 30. Qxe4 Qxe4 31. Rxe4 Rbc8 32. Rdd4 Rc5 33. Kg2 R8c6
34. Rf4 Rc7 35. h4 g6 36. g4 Kg7 37. Kg3 f5 38. gxf5 gxf5 39. Kf3 R7c6 40. Ke2
Kg6 41. Kd3 a4 42. Rd5 b5 43. Rxc5 Rxc5 44. cxb5 Rxb5 45. Rxa4 Rb2 46. f3 Kh5
47. Ra5 Kxh4 48. Rxf5 Rxa2 49. e4 Ra3+ 50. Ke2 Kg3 51. e5 Ra6 52. Rf6 Ra5 53. f4
h5 54. e6 Ra8 55. Ke3 h4 56. Rg6+ Kh3 57. f5 Re8 58. Kf4 Kh2 59. Rh6 h3 60. Ke5
Ra8 61. f6 Ra5+ 62. Kd6 Ra6+ 63. Kd7 Ra7+ 64. Kd6 Ra6+ 65. Ke7 Ra7+ 66. Kf8 Ra8+
67. Kg7 Kg3 68. f7 h2 69. f8=Q Ra4 70. e7 Rg4+ 71. Kf7 Rf4+ 72. Ke6 Re4+ 73. Kd5
Rg4 74. Qf1 Rh4 75. Qe1+ Kg2 76. Rxh4 h1=Q 77. Qxh1+ Kf2 78. Rh2+ Ke3 79. Qf1 1/2-1/2

[Event "Women's Speed Chess Q2"]
[Site "chess.com INT"]
[Date "2021.05.29"]
[Round "2"]
[White "Pandey, Srishti"]
[Black "Avramidou, Anastasia"]
[Result "0-1"]
[WhiteTitle "WFM"]
[BlackTitle "FM"]
[WhiteElo "2026"]
[BlackElo "2238"]
[WhiteFideId "35093290"]
[BlackFideId "4239873"]
[EventDate "2021.05.29"]

1. d4 Nf6 2. c4 g6 3. Nc3 d5 4. Nf3 Bg7 5. Bf4 O-O 6. e3 Be6 7. Be2 c5 8. O-O
dxc4 9. dxc5 Na6 10. Nd4 Nxc5 11. Be5 Rc8 12. Rc1 a6 13. a4 Qa5 14. Qc2 Rfd8 15.
Rcd1 Qb4 16. h3 Bd7 17. Ra1 Be8 18. Qb1 h6 19. Nc2 Qa5 20. Bxc4 Nd3 21. Bxd3
Qxe5 22. Nd4 Qb8 23. Rd1 e5 24. Nde2 Bc6 25. Ne4 Kh8 26. Nxf6 Bxf6 27. Ng3 Kg7
28. Be4 Rxd1+ 29. Qxd1 Rd8 30. Qc2 Be8 31. Rd1 Rxd1+ 32. Qxd1 Qc7 33. b3 b6 34.
Bd5 a5 35. e4 Be7 36. Bc4 Bc5 37. Qg4 Kh7 38. Qf3 Qe7 39. Kh2 Bd4 40. Ne2 Bc5
41. Qg3 Kg7 42. Qf3 Bc6 43. Nc3 Qf6 44. Bd5 Qxf3 45. gxf3 Bxd5 46. Nxd5 Bxf2 47.
Kg2 Bc5 48. Kf1 f5 49. Ke2 Kf7 50. Kd3 Ke6 51. Nc3 fxe4+ 52. Kxe4 Kf6 53. Ne2
Kg5 54. Kxe5 Kh4 55. f4 Kxh3 56. f5 gxf5 57. Kxf5 h5 58. Nf4+ Kh4 59. Ng6+ Kg3
60. Nf4 h4 61. Kg5 h3 62. Nh5+ Kf3 63. Nf4 h2 64. Nd3 h1=Q 65. Ne5+ Ke4 66. Nc4
Qg1+ 67. Kf6 Kd3 68. Ke6 Qd4 69. Kf7 Qxc4+ 70. bxc4 Kxc4 71. Ke6 Kb4 72. Kd7
Kxa4 73. Kc6 Kb3 74. Kb7 a4 75. Ka6 a3 76. Ka7 a2 77. Kb7 a1=Q 78. Kb8 Qg7 79.
Ka8 Kc4 80. Kb8 Kd5 81. Ka8 Kc6 82. Kb8 Qb7# 0-1